Представление документа в формате RUSMARC

ПолеНазваниеЗначение
  Тип записи a
  Библиографический уровень m
001 Контрольный номер RU/IS/BASE/547739092
005 Дата корректировки 20240207193756.1
010 Индекс ISBN __
a ISBN 978-985-1016-3
d Цена 89 р. 08 к.
b Уточнения в пер.
9 Тираж 5000 экз.
100 Данные общей обработки __
a Данные общей обработки 20170510d2017 ||| 0rusy0189 ca
101 Язык документа 0_
a Язык текста rus
102 Страна публикации __
a Страна публикации RU
105 Кодированные данные (монография) __
a Кодированные данные (монография) y###||||000|y
200 Заглавие и сведения об ответственности 1_
a Заглавие 10000 советов аквариумисту
b Общее обозначение материала Текст
f Первые сведения об ответственности авт.-сост. Н. В. Белов
210 Выходные данные 1_
a Место издания Минск
c Издательство Харвест
d Дата издания 2008
215 Физическое описание __
a Объем 605, [1] с.
c Иллюстрации/тип воспроизводства ил.
d Формат 21 см.
300 Общие примечания __
a Общие примечания В содерж. разд.: Происхождение рыб, Анатомическое строение рыб, Оборудование и уход за аквариумом, Содержание рыб, Водные животные, Аквариумные растения
606 Тематические рубрики 1_
a Основная рубрика Аквариумистика
610 Ключевые слова 1_
a Ключевые слова аквариумистика
a Ключевые слова аквариумные растения
a Ключевые слова аквариумные рыбы
a Ключевые слова аквариумы
a Ключевые слова акватеррариумы
a Ключевые слова водная среда
a Ключевые слова водные животные
a Ключевые слова заболевания рыб
a Ключевые слова кормление рыб
a Ключевые слова наблюдение за рыбами
a Ключевые слова оборудование аквариумов
a Ключевые слова происхождение рыб
a Ключевые слова профилактика заболеваний аквариумных рыб
a Ключевые слова разведение рыб
a Ключевые слова советы аквариумистам
a Ключевые слова содержание рыб
a Ключевые слова уход за аквариумом
610 Ключевые слова 0_
a Ключевые слова аквариумисты
686 Индексы других классификаций __
a Классификационный индекс 47.287
2 Код системы rubbk
702 Вторичная интеллектуальная ответственность _1
a Фамилия Белов
b Имя (инициалы) Николай Владимирович
g Полное личное имя Н. В.
801 Источник записи _0
a Страна RU
b Организация Ульяновская ОБДЮ
c Дата составления 20170510
g Правила каталогизации RCR
801 Источник записи _1
a Страна RU
b Организация Ульяновская ОБДЮ
c Дата составления 20170510
g Правила каталогизации RCR
852 Данные о местонахождении __
a Наименование организации Ульяновская ОБДЮ
i Авторский знак Д 37
j Шифр хранения 47
901 Тип документа __
t Тип документа m
909 Создатель записи __
a Создатель записи Кузина Е.А.
910 Корректоры записи __
a Корректор записи Кузина Е.А.
919 __
a Кузина Е.А.
c Кузина Е.А.
g 201904
938 Служебная информация __
a Имя БД MarkBase